000 02011nam0a22003131 4500
001 rc\2249706
005 20260407104711.0
035 _a(NLR Aleph) 006536060
090 _a6585735
_c6585735
100 _a20110826d1978 |||y0rusy50 ca
101 0 _arus
102 _aRU
105 _ay z |||||
200 1 _aГидрогеохимические методы исследований в целях поисков глубокозалегающих рудных месторождений
_eТез. докл. всесоюз. совещ.
_f[Редкол.: д. г.-м. н., проф. П.А. Удодов (отв. ред.) и др.]
_gАН СССР, М-во геологии СССР. Междувед. совет по пробл. "Науч. основы геохим. методов поисков месторождений полез. ископаемых", М-во высш. и сред. спец. образования РСФСР, Том. политехн. ин-т им. С.М. Кирова
210 _aТомск
_cТПИ
_d1978
215 _a170 с.
_d20
606 _aРудные месторождения
_xПоиски и разведка
_jТезисы докладов
_xГидрогеохимический метод
_2psbo
686 _aД9(2)451я431(2)
_2rubbk
686 _aД451-551.4я431(2)
_2rubbk
702 1 _aУдодов
_bП.А.
_gПавел Афанасьевич
_4340
712 0 2 _aТомский политехнический институт им. С. М. Кирова
_3RU\NLR\AUTH\889935500
_9365915
712 0 2 _aМеждуведомственный совет по проблеме "Научные основы геохимических методов поисков месторождений полезных ископаемых"
_cМосква
_3RU\NLR\AUTH\8810019513
_9536915
801 0 _aRU
_bNLR
_gpsbo
801 1 _aRU
_bELAR
_2rusmarc
852 _aNLR
_j78-3/8542
899 _aRuMoRGB
_jБ 78-23/2052
899 _aRuMoRGB
_jБ 78-23/2053
942 _cBOOK
980 _aNB